000
00335pab a2200145 454500
008
180718b1989 xxu||||| |||| 00| 0 eng d
100
_a
Mehta, Dinesh
245
_a
Urban housing finance in India
260
_c
1989
300
_a
44-53
362
_a
Mar.
650
_a
Housing - Finance - India
773
_a
Nirnay
909
_a
10144
999
_c
10144
_d
10144